Problemas de contorno /
Guardado en:
| Autor Principal: | |
|---|---|
| Formato: | Libro |
| Idioma: | Spanish Russian |
| Publicado: |
Moscú :
Mir,
c1980.
|
| Etiquetas: |
Agregar Etiqueta
Sin Etiquetas, Sea el primero en etiquetar este registro!
|
| LEADER | 00588nam a22001695a 4500 | ||
|---|---|---|---|
| 001 | MAT.inmabb006677 | ||
| 008 | 120823s1980####ru#a#####b####000#0#spa#d | ||
| 005 | 20170609170848.0 | ||
| 245 | 1 | 0 | |a Problemas de contorno / |c F. D. Gájov ; [traducido del ruso por Medkov K. P.]. |
| 260 | |a Moscú : |b Mir, |c c1980. | ||
| 300 | |a 676 p. : |b il. ; |c 23 cm. | ||
| 504 | |a Incluye referencias bibliográficas e índice. | ||
| 100 | 1 | |a Gakhov, F. D. |q (Fedor Dmitrievich) | |
| 084 | |a 45E05 |2 msc2000 | ||
| 041 | 1 | |a spa |h rus | |
| 859 | |h 45 |i G145 |p A-5260 |b BIB. MATEMATICA | ||
| 859 | |h 45 |i G145 |p A-5261 |t Ej. 2 |b BIB. MATEMATICA | ||
